| 000 | 00911nam a22002055i 4500 | ||
|---|---|---|---|
| 001 | 169639 | ||
| 003 | ES-MaACL | ||
| 005 | 20250902085402.0 | ||
| 008 | 081028s2000 sp |||| | spa d | ||
| 080 | _a636.09:614.25(460.15) | ||
| 100 | 1 |
_aEtxaniz Makazaga, José-Manuel. _9137731 |
|
| 245 | 1 | 0 |
_aVeterinarios vascos en el exilio como consecuencia de la guerra civil 1936-1939 / _cJosé Manuel Etxaniz Makazaga. |
| 260 |
_aSan Sebastián = Donostia : _bReal Sociedad Bascongada de los Amigos del País = Euskalerriaren Adiskideen Elkartea, _c2000. |
||
| 300 |
_aP. [399]-4424 : _bil. ; _c22 cm. |
||
| 595 | _aSeparata de: Boletín de la Real Sociedad Bascongada de los Amigos del País, LVI, 2000-2. | ||
| 650 | 4 |
_aVeterinarios- _zPaís Vasco. _9138776 |
|
| 710 | 2 |
_aReal Sociedad Bascongada de los Amigos del País _96366 |
|
| 852 |
_aES-MaACL _j2238-F-6 _9R.143239 |
||
| 999 |
_c169639 _d169639 |
||